[Event "SF Essen-Katernberg  2 - SV Kamen 1"]
[Site "NRW-Klasse. Gruppe 2 2017/201"]
[Date "2017.10.15"]
[Round "2.3"]
[White "Luetke, Jens"]
[Black "Dette, Jan"]
[Result "1/2-1/2"]
[WhiteElo "2173"]
[BlackElo "2032"]
[PlyCount "82"]
[EventDate "2017.??.??"]
[WhiteTeam "SV Kamen 1"]
[BlackTeam "SF Essen-Katernberg  2"]

1. Nf3 e6 2. d4 f5 3. d5 Nf6 4. dxe6 dxe6 5. Qxd8+ Kxd8 6. Nc3 Bb4 7. Bd2 Nc6
8. e4 fxe4 9. Ng5 Ke7 10. O-O-O h6 11. Ngxe4 Nxe4 12. Nxe4 Bxd2+ 13. Rxd2 b6
14. Bc4 Bb7 15. Re1 Na5 16. Bd3 Rad8 17. Rde2 Rhe8 18. f4 Nc6 19. Ng3 Kf8 20.
Bg6 Re7 21. c3 Rd6 22. Ne4 Rd5 23. Nf2 Ba6 24. Rxe6 Rxe6 25. Rxe6 Ne7 26. Bc2
Rh5 27. h3 Bf1 28. g4 Rh4 29. Re1 Bg2 30. Be4 Bxe4 31. Rxe4 h5 32. c4 hxg4 33.
hxg4 c5 34. Kd2 Nc6 35. Ke2 Nd4+ 36. Ke3 Rh2 37. a3 a5 38. Re5 Rg2 39. f5 Kf7
40. Re4 Rg3+ 41. Kd2 Rg2 1/2-1/2

[Event "SF Essen-Katernberg  2 - SV Kamen 1"]
[Site "NRW-Klasse. Gruppe 2 2017/201"]
[Date "2017.10.15"]
[Round "2.4"]
[White "Schimnatkowski, Lukas"]
[Black "Kilian, Ralf"]
[Result "1/2-1/2"]
[WhiteElo "2031"]
[BlackElo "2126"]
[Annotator "Daniel"]
[PlyCount "77"]
[EventDate "2017.??.??"]
[WhiteTeam "SF Essen-Katernberg  2"]
[BlackTeam "SV Kamen 1"]

1. e4 e6 2. d3 d5 3. Nd2 c5 4. g3 Nc6 5. Bg2 g6 6. Ngf3 Bg7 7. O-O Nge7 8. Re1
h6 9. h4 Qc7 10. Qe2 b6 11. c3 Ba6 12. e5 g5 13. hxg5 Ng6 14. c4 O-O-O 15. gxh6
Bxh6 16. Nf1 dxc4 17. dxc4 Nd4 18. Nxd4 Rxd4 19. b3 Bb7 20. Bxh6 Rxh6 21. Rac1
Bxg2 22. Kxg2 Qc6+ 23. Qf3 $11 Qxf3+ 24. Kxf3 Rh5 25. Rcd1 Nxe5+ 26. Ke2 Nc6
27. Ne3 Rxd1 28. Rxd1 Nd4+ 29. Kf1 Rh1+ 30. Kg2 Rxd1 31. Nxd1 Kc7 32. f4 a6 33.
Kf2 b5 34. Ne3 f5 35. Ke1 Kb6 36. Kd2 Ka5 37. cxb5 axb5 38. Nc2 Nxc2 39. Kxc2
1/2-1/2

[Event "SF Essen-Katernberg  2 - SV Kamen 1"]
[Site "NRW-Klasse. Gruppe 2 2017/201"]
[Date "2017.10.15"]
[Round "2.5"]
[White "Georg, Felix"]
[Black "Krueger, Erich"]
[Result "0-1"]
[WhiteElo "2024"]
[BlackElo "2057"]
[PlyCount "94"]
[EventDate "2017.??.??"]
[WhiteTeam "SV Kamen 1"]
[BlackTeam "SF Essen-Katernberg  2"]

1. e4 c6 2. Nc3 d5 3. Nf3 Bg4 4. h3 Bxf3 5. Qxf3 Nf6 6. d3 e6 7. g4 Bb4 8. Bd2
d4 9. Nb1 Qb6 10. c3 Ba5 11. Bc1 c5 12. Be2 Nc6 13. O-O Rd8 14. Qg3 e5 15. c4
O-O 16. Na3 Nd7 17. Nc2 Ne7 18. a3 Ng6 19. Ne1 Nf4 20. Bd1 g5 21. Ng2 Bd2 22.
b3 Bxc1 23. Rxc1 Qa5 24. Ne1 Qxa3 25. Rb1 Qa2 26. Rc1 Qb2 27. Rc2 Qxb3 28. Rd2
Qb4 29. Ra2 Qb1 30. Rd2 a6 31. Kh2 b5 32. Bc2 Qc1 33. Rd1 Qa3 34. Nf3 h6 35.
Ra1 Qb2 36. Rxa6 Qxc2 37. Rxh6 f6 38. h4 Kg7 39. hxg5 fxg5 40. Rh5 Rh8 41. Nxg5
Rdg8 42. Ra1 Nxh5 43. gxh5 Rxh5+ 44. Nh3+ Kh8 45. Qf3 Rh7 46. Ra7 Qc1 47. Rxd7
Qg1# 0-1

[Event "SF Essen-Katernberg  2 - SV Kamen 1"]
[Site "NRW-Klasse. Gruppe 2 2017/201"]
[Date "2017.10.15"]
[Round "2.6"]
[White "Neuer, Thomas"]
[Black "Kleinegger, Frank"]
[Result "1/2-1/2"]
[WhiteElo "2111"]
[BlackElo "2100"]
[Annotator "Daniel"]
[PlyCount "85"]
[EventDate "2017.??.??"]
[WhiteTeam "SF Essen-Katernberg  2"]
[BlackTeam "SV Kamen 1"]

1. Nf3 d6 2. d4 Nf6 3. g3 Nbd7 4. Bg2 e5 5. c4 Be7 6. Nc3 c6 7. Qc2 O-O 8. O-O
Qc7 9. b3 Re8 10. Bb2 Bf8 11. Rfd1 a6 12. Rac1 Rb8 13. e3 Qa5 14. d5 c5 15. a4
g6 16. e4 Bh6 17. Ra1 Nf8 18. Rf1 Nh5 19. Ne1 f5 20. Bh3 f4 21. Bxc8 Rbxc8 22.
g4 $11 Nf6 23. f3 g5 24. Ng2 Ng6 25. Kf2 Bf8 26. Rh1 Be7 27. Ke2 Nd7 28. Ne1
Kf7 29. Nd3 Rh8 30. Nf2 h6 31. Rag1 Bd8 32. Qd3 Qb6 33. Qc2 Qa7 34. Ra1 Ba5 35.
Ncd1 Nh4 36. Rg1 Qb6 37. Bc3 Ra8 38. Bxa5 Qxa5 39. Nc3 Nf6 40. h3 Rag8 41. Qd3
Nd7 42. Qc2 Rh7 43. Qd3 1/2-1/2

[Event "SF Essen-Katernberg  2 - SV Kamen 1"]
[Site "NRW-Klasse. Gruppe 2 2017/201"]
[Date "2017.10.15"]
[Round "2.7"]
[White "Seepe, Udo"]
[Black "Rosen, Willy"]
[Result "1/2-1/2"]
[WhiteElo "2046"]
[BlackElo "2084"]
[Annotator "Daniel"]
[PlyCount "34"]
[EventDate "2017.??.??"]
[WhiteTeam "SV Kamen 1"]
[BlackTeam "SF Essen-Katernberg  2"]

1. Nf3 c5 2. b3 Nc6 3. Bb2 d6 4. d4 cxd4 5. Nxd4 e5 6. Nxc6 bxc6 7. g3 Qc7 8.
Bg2 Nf6 9. c4 Be6 10. O-O Be7 11. Nc3 Rb8 12. Qd2 O-O 13. Rac1 $11 Ne8 14. Nd5
Bxd5 15. cxd5 c5 16. e4 Qb6 17. Rc4 Nc7 1/2-1/2

[Event "SF Essen-Katernberg  2 - SV Kamen 1"]
[Site "NRW-Klasse. Gruppe 2 2017/201"]
[Date "2017.10.15"]
[Round "2.8"]
[White "Kudelka, Josua"]
[Black "Georg, Heinz"]
[Result "0-1"]
[WhiteElo "1906"]
[BlackElo "2084"]
[PlyCount "78"]
[EventDate "2017.??.??"]
[WhiteTeam "SF Essen-Katernberg  2"]
[BlackTeam "SV Kamen 1"]

1. d4 f5 2. g3 Nf6 3. Bg2 g6 4. c4 Bg7 5. Nc3 d6 6. Nf3 O-O 7. O-O Qe8 8. Nd5
Nxd5 9. cxd5 Nd7 10. Qc2 Nf6 11. Ne1 Qf7 12. Qb3 Ne4 13. Be3 c6 14. dxc6 Qxb3
15. axb3 bxc6 16. Nd3 Bd7 17. Ra3 Rfb8 18. Rfa1 Rb7 19. f3 Nf6 20. Bf2 Be6 21.
Nc1 Bd5 22. Kf1 Kf7 23. Ke1 Bh6 24. e3 g5 25. Kf1 g4 26. f4 Ne4 27. Be1 Bg7 28.
Bxe4 Bxe4 29. Bc3 h5 30. Ne2 Bd5 31. Ra6 Bf6 32. Nc1 h4 33. Be1 hxg3 34. Bxg3
c5 35. R1a5 Rc7 36. dxc5 dxc5 37. Be1 Bb7 38. Rxf6+ exf6 39. Nd3 Rac8 0-1

[Event "SC Siegburg 1 - SG Bochum 2"]
[Site "NRW-Klasse. Gruppe 2 2017/201"]
[Date "2017.10.15"]
[Round "2.1"]
[White "Tkachuk, Konstantyn"]
[Black "Andreev, Eduard"]
[Result "1/2-1/2"]
[WhiteElo "2265"]
[BlackElo "2383"]
[PlyCount "32"]
[EventDate "2017.??.??"]
[WhiteTeam "SG Bochum 2"]
[BlackTeam "SC Siegburg 1"]

1. e4 c5 2. c4 Nc6 3. Ne2 e6 4. d4 cxd4 5. Nxd4 Nf6 6. Nc3 Bb4 7. Nxc6 dxc6 8.
Qxd8+ Kxd8 9. f3 e5 10. Bd2 Be6 11. O-O-O Ke7 12. Be2 Rhd8 13. Kc2 Bc5 14. Na4
Bd6 15. Be3 Nd7 16. Rd2 b6 1/2-1/2

[Event "SC Siegburg 1 - SG Bochum 2"]
[Site "NRW-Klasse. Gruppe 2 2017/201"]
[Date "2017.10.15"]
[Round "2.2"]
[White "Schmidt, Bodo"]
[Black "Baltic, Fatih"]
[Result "1-0"]
[WhiteElo "2286"]
[BlackElo "2145"]
[Annotator "Daniel"]
[PlyCount "117"]
[EventDate "2017.??.??"]
[WhiteTeam "SC Siegburg 1"]
[BlackTeam "SG Bochum 2"]

1. d4 Nf6 2. Nf3 e6 3. e3 d5 4. c4 Bb4+ 5. Bd2 Be7 6. Nc3 O-O 7. Qc2 a6 8. cxd5
exd5 9. Bd3 g6 10. O-O-O Bg4 11. h3 Bxf3 12. gxf3 b5 13. h4 Nh5 14. Rdg1 c5 15.
dxc5 Nc6 16. Ne2 Ne5 17. f4 Nf3 18. f5 Ne5 19. Bc3 Bf6 20. fxg6 Nxd3+ 21. Qxd3
fxg6 22. f4 Bxc3 23. Nxc3 d4 24. Qxd4 Qxd4 25. exd4 Nxf4 26. Rh2 Rad8 27. Rd2
b4 $11 28. Ne4 Rxd4 29. Rxd4 Ne2+ 30. Kd2 Nxd4 31. Kd3 Nc6 32. Rg5 Rf3+ 33. Kc4
Rf4 34. Kd5 Ne7+ 35. Ke5 Rxh4 36. Nd6 Rh2 37. Ke6 Nc6 38. Kd7 Nd4 39. Rd5 Rh4
40. b3 Kg7 41. Rxd4 Rxd4 42. c6 Rd5 43. c7 Rc5 44. Ke6 h5 45. c8=Q Rxc8 46.
Nxc8 h4 47. Nd6 Kh6 48. Ne4 Kh5 49. Nf2 g5 50. Kf5 g4 51. Nxg4 h3 52. Nh2 Kh4
53. Kf4 Kh5 54. Nf3 Kg6 55. Kg3 Kf5 56. Nd4+ Ke4 57. Nc6 a5 58. Nxa5 Kd3 59.
Nc6 1-0

[Event "SC Siegburg 1 - SG Bochum 2"]
[Site "NRW-Klasse. Gruppe 2 2017/201"]
[Date "2017.10.15"]
[Round "2.3"]
[White "Koellner, Ruben Gideon"]
[Black "Kolkin, Michail"]
[Result "0-1"]
[WhiteElo "2141"]
[BlackElo "2304"]
[PlyCount "52"]
[EventDate "2017.??.??"]
[WhiteTeam "SG Bochum 2"]
[BlackTeam "SC Siegburg 1"]

1. d4 Nf6 2. Bg5 c5 3. Bxf6 gxf6 4. d5 Bg7 5. c4 b5 6. cxb5 a6 7. bxa6 Qb6 8.
Qc2 Nxa6 9. Nc3 f5 10. e3 O-O 11. Bc4 Qg6 12. Nge2 Nb4 13. Qd2 Qxg2 14. Rg1
Qxh2 15. O-O-O Ba6 16. Bxa6 Rxa6 17. Nf4 Nxa2+ 18. Nxa2 Rxa2 19. Rg2 Qh6 20.
Rdg1 Ra1+ 21. Kc2 Rxg1 22. Rxg1 Kh8 23. Qd3 Qb6 24. b3 Qf6 25. Rg2 Qb2+ 26. Kd1
Ra8 0-1

[Event "SC Siegburg 1 - SG Bochum 2"]
[Site "NRW-Klasse. Gruppe 2 2017/201"]
[Date "2017.10.15"]
[Round "2.4"]
[White "Varitski, Igor"]
[Black "Tkachuk, Sergij"]
[Result "1-0"]
[WhiteElo "2247"]
[BlackElo "2110"]
[PlyCount "99"]
[EventDate "2017.??.??"]
[WhiteTeam "SC Siegburg 1"]
[BlackTeam "SG Bochum 2"]

1. e4 c5 2. c3 g6 3. d4 cxd4 4. cxd4 d5 5. e5 Nc6 6. Nc3 Bg7 7. h3 f6 8. f4 Nh6
9. g4 fxe5 10. fxe5 O-O 11. Bg2 e6 12. Nf3 Qb6 13. O-O Bd7 14. Na4 Qc7 15. Be3
Na5 16. Rc1 Nc4 17. Bf2 Bxa4 18. Qxa4 b5 19. Qa6 Qd7 20. b3 Nb6 21. Rc5 b4 22.
Rfc1 Rfc8 23. Bf1 Nf7 24. Rxc8+ Rxc8 25. Rxc8+ Qxc8 26. Qxc8+ Nxc8 27. Ba6 Nb6
28. Bh4 h6 29. Kf1 g5 30. Be1 Bf8 31. Ke2 Nh8 32. Bd2 Ng6 33. Ne1 Kf7 34. Nd3
Be7 35. Kf3 Nf4 36. Nxf4 gxf4 37. Bxf4 Kg7 38. Bd2 Kg6 39. Kg3 Bf8 40. h4 Be7
41. Kh3 Kg7 42. g5 hxg5 43. hxg5 Na8 44. Kg4 Nc7 45. Bd3 a6 46. Kh5 Nb5 47. Be3
Bf8 48. g6 Be7 49. Bxb5 axb5 50. Bg5 1-0

[Event "SC Siegburg 1 - SG Bochum 2"]
[Site "NRW-Klasse. Gruppe 2 2017/201"]
[Date "2017.10.15"]
[Round "2.5"]
[White "Mazarov, Juergen"]
[Black "Klein, Manfred"]
[Result "1-0"]
[WhiteElo "2074"]
[BlackElo "1989"]
[PlyCount "27"]
[EventDate "2017.??.??"]
[WhiteTeam "SG Bochum 2"]
[BlackTeam "SC Siegburg 1"]

1. e4 c5 2. Nf3 d6 3. d4 cxd4 4. Nxd4 Nf6 5. Nc3 g6 6. Be3 Bg7 7. f3 O-O 8. g4
Nc6 9. Qd2 Qa5 10. O-O-O Nxd4 11. Bxd4 Be6 12. Kb1 Rfc8 13. h4 Bxg4 14. fxg4
1-0

[Event "SC Siegburg 1 - SG Bochum 2"]
[Site "NRW-Klasse. Gruppe 2 2017/201"]
[Date "2017.10.15"]
[Round "2.6"]
[White "Breest, Axel"]
[Black "Wuebker, Paul-Luca"]
[Result "1-0"]
[WhiteElo "1872"]
[BlackElo "2022"]
[PlyCount "59"]
[EventDate "2017.??.??"]
[WhiteTeam "SC Siegburg 1"]
[BlackTeam "SG Bochum 2"]

1. e4 c5 2. Nc3 d6 3. f4 Nc6 4. Nf3 g6 5. Bc4 Bg7 6. a3 Nf6 7. d3 O-O 8. O-O a6
9. Qe1 b5 10. Ba2 Bg4 11. Ng5 h6 12. h3 Bd7 13. Nf3 Nd4 14. Nxd4 cxd4 15. Ne2
Be6 16. Bxe6 fxe6 17. Nxd4 Qb6 18. Be3 Nd5 19. c3 Nxe3 20. Qxe3 Rxf4 21. Qxf4
e5 22. Qf7+ Kh7 23. Qd5 Rc8 24. Qe6 Rc7 25. Rf7 exd4 26. Rxg7+ Kxg7 27. Rf1
dxc3+ 28. Kh1 h5 29. Qf7+ Kh6 30. Qf8+ 1-0

[Event "SC Siegburg 1 - SG Bochum 2"]
[Site "NRW-Klasse. Gruppe 2 2017/201"]
[Date "2017.10.15"]
[Round "2.7"]
[White "Zeldin, Leonid"]
[Black "Flagmeier, Reiner"]
[Result "1/2-1/2"]
[WhiteElo "2076"]
[BlackElo "1795"]
[Annotator "Daniel"]
[PlyCount "77"]
[EventDate "2017.??.??"]
[WhiteTeam "SG Bochum 2"]
[BlackTeam "SC Siegburg 1"]

1. e4 c6 2. d4 d5 3. exd5 cxd5 4. Nf3 Nc6 5. Bb5 a6 6. Bxc6+ bxc6 7. O-O Bg4 8.
c4 Bxf3 9. Qxf3 e6 10. Nc3 Nf6 11. c5 Be7 12. Bf4 O-O 13. b4 Nd7 14. Qd3 Bf6
15. Bd6 Re8 16. f4 Qc8 17. a4 Be7 18. Bxe7 Rxe7 19. b5 axb5 20. axb5 cxb5 21.
Nxb5 Nf6 22. Nd6 Qd8 23. Rxa8 Qxa8 24. Qb5 g6 25. Rb1 Kg7 26. Qb6 Qa3 27. Qb3
Qa6 28. Qe3 Qa2 29. Re1 Ng4 30. Qf3 Qd2 $11 31. Rd1 Qe3+ 32. Qxe3 Nxe3 33. Rc1
Nf5 34. Nxf5+ gxf5 35. Kf2 Ra7 36. c6 Rc7 37. Kg3 Kf6 38. Kh4 Kg6 39. Rc3
1/2-1/2

[Event "SC Siegburg 1 - SG Bochum 2"]
[Site "NRW-Klasse. Gruppe 2 2017/201"]
[Date "2017.10.15"]
[Round "2.8"]
[White "Steffens, Klaus"]
[Black "Fistoul, Boris"]
[Result "0-1"]
[WhiteElo "1864"]
[BlackElo "1961"]
[Annotator "Daniel"]
[PlyCount "80"]
[EventDate "2017.??.??"]
[WhiteTeam "SC Siegburg 1"]
[BlackTeam "SG Bochum 2"]

1. Nf3 e6 2. g3 d5 3. Bg2 c6 4. O-O Bd6 5. d4 f5 6. b3 Qe7 7. Bb2 Nf6 8. Nbd2
b6 9. c4 O-O 10. Ne5 Bb7 11. e3 Nfd7 12. Ndf3 $11 Nxe5 13. Nxe5 Nd7 14. Nxd7
Qxd7 15. Qe2 Rac8 16. Rfd1 Qf7 17. Rac1 g5 18. f4 g4 19. c5 bxc5 20. dxc5 Bb8
21. Qd2 Rfe8 22. b4 Rcd8 23. a4 h5 24. b5 h4 25. Qb4 hxg3 26. hxg3 a6 27. Kf2
e5 28. Rh1 d4 29. exd4 exf4 30. gxf4 Bxf4 31. d5 Be5 32. bxc6 Ba8 33. Qf4 Bxb2
34. Rcd1 Qe7 35. Qc4 Qe3+ 36. Kf1 g3 37. d6+ Kf8 38. Qc2 Qf4+ 39. Kg1 Bd4+ 40.
Rxd4 Re1+ 0-1

[Event "Suedlohner SV- Godesberg"]
[Site "?"]
[Date "2017.10.15"]
[Round "2.5"]
[White "Stenzel, Thomas"]
[Black "Teloeken, Andreaas"]
[Result "1-0"]
[WhiteElo "2082"]
[BlackElo "2004"]
[PlyCount "59"]

1. e4 c6 2. d4 d5 3. e5 c5 4. dxc5 e6 5. a3 Nc6 6. Nf3 Bxc5 7. b4 Bb6 8. Bb2
Nge7 9. Bd3 Ng6 10. O-O f6 11. Bxg6+ hxg6 12. Qd3 Kf7 13. Nbd2 Bc7 14. Rfe1 Rh5
15. g4 Rh8 16. Rad1 b6 17. c4 d4 18. b5 Nxe5 19. Nxe5+ Bxe5 20. Rxe5 Qd6 21.
Nf3 fxe5 22. Qe4 Rb8 23. Nxe5+ Kg8 24. Rxd4 Qc7 25. Qxg6 Rb7 26. Rf4 Qd8 27.
Nf7 Qf8 28. Nh6+ Rxh6 29. Rxf8+ Kxf8 30. Bxg7+ 1-0

[Event "Suedlohner SV- Godesberg"]
[Site "?"]
[Date "2017.10.15"]
[Round "2.4"]
[White "Teloeken, Daniel"]
[Black "Wecker, Martin"]
[Result "0-1"]
[WhiteElo "1979"]
[BlackElo "2100"]
[PlyCount "96"]

1. c4 e6 2. g3 d5 3. Bg2 Nf6 4. Nf3 c5 5. O-O Nc6 6. d3 Be7 7. a3 O-O 8. Qc2 d4
9. e3 e5 10. exd4 exd4 11. Nbd2 Re8 12. Re1 h6 13. Ne4 Bg4 14. Nxf6+ Bxf6 15.
Rxe8+ Qxe8 16. Bd2 Qd7 17. Qb3 Re8 18. Re1 Re7 19. Qc2 Qf5 20. Rxe7 Bxe7 21.
Ne1 Qe6 22. Be4 Kh8 23. Ng2 g5 24. Bc1 f5 25. Bd5 Qe2 26. Qxe2 Bxe2 27. Bxc6
bxc6 28. Ne1 Kg7 29. f3 Kf6 30. Kf2 Bd1 31. Bd2 Ke6 32. Ng2 Kd7 33. h3 Kc8 34.
g4 f4 35. h4 gxh4 36. Bxf4 h3 37. Ne1 Bh4+ 38. Kf1 Kd7 39. Bb8 a6 40. Bh2 Ke6
41. Bb8 Kf7 42. Bd6 Kg6 43. Ng2 hxg2+ 44. Kxg2 Be2 45. Bxc5 Bf6 46. Kg3 Bxd3
47. b3 Bc2 48. b4 d3 0-1

[Event "Suedlohner SV- Godesberg"]
[Site "?"]
[Date "2017.10.15"]
[Round "2.2"]
[White "Doennebrink, Elmar"]
[Black "Grabowski, Pawel"]
[Result "1-0"]
[WhiteElo "2060"]
[BlackElo "2293"]
[PlyCount "103"]

1. e4 e5 2. Nf3 Nc6 3. Bb5 a6 4. Ba4 Nf6 5. O-O b5 6. Bb3 Be7 7. Re1 d6 8. c3
O-O 9. h3 Bb7 10. d3 Nd7 11. Nbd2 Bf6 12. Nf1 g6 13. N1h2 Bg7 14. Ng4 Kh8 15.
Bh6 Bxh6 16. Nxh6 Qe7 17. Ng4 Nc5 18. Bd5 Nd8 19. d4 exd4 20. cxd4 Nd7 21. Bxb7
Nxb7 22. e5 dxe5 23. dxe5 Nbc5 24. Qd2 Ne6 25. Qh6 Rfd8 26. Rad1 Qf8 27. Qh4
Qg7 28. Qe7 Ndf8 29. Ng5 Rxd1 30. Rxd1 Nxg5 31. Qxg5 Ne6 32. Qe7 h5 33. Nf6 Qf8
34. Rd7 Qxe7 35. Rxe7 Kg7 36. g3 b4 37. f4 b3 38. a3 Rb8 39. Kf2 Rb6 40. Re8
Nf8 41. Rxf8 Rxf6 42. Rb8 Rb6 43. Rxb6 cxb6 44. Ke3 Kf8 45. Kd4 Ke7 46. Kd5 Kd7
47. g4 h4 48. f5 gxf5 49. gxf5 b5 50. Kc5 Kc7 51. e6 fxe6 52. fxe6 1-0

[Event "Suedlohner SV- Godesberg"]
[Site "?"]
[Date "2017.10.15"]
[Round "2.7"]
[White "Kutzner, Stephen"]
[Black "Hater, Wolfgang"]
[Result "1/2-1/2"]
[WhiteElo "2064"]
[BlackElo "1993"]
[PlyCount "161"]

1. e4 e5 2. Nf3 Nc6 3. Bb5 Nge7 4. d3 d6 5. c3 g6 6. Be3 Bg7 7. Nbd2 O-O 8. Nf1
h6 9. Ng3 Qe8 10. d4 a6 11. Ba4 b5 12. Bb3 Na5 13. Bc2 Rb8 14. dxe5 dxe5 15. b4
Nc4 16. Bc5 Be6 17. Qe2 Kh8 18. O-O f6 19. Rfd1 Qf7 20. a4 Rfd8 21. axb5 axb5
22. Ra7 Rxd1+ 23. Qxd1 Nc6 24. Ra6 Rd8 25. Qa1 Qd7 26. h3 h5 27. Nf1 Bh6 28.
Ra8 Rxa8 29. Qxa8+ Nd8 30. Qa1 Nf7 31. Qe1 Nfd6 32. Ne3 Na3 33. Qd1 Nxc2 34.
Qxc2 Nb7 35. Ba7 Qc6 36. Qd3 Nd6 37. Nd2 Kg7 38. Bc5 Nb7 39. Ba7 Nd6 40. Kh2 f5
41. exf5 gxf5 42. Bc5 Kf6 43. Qe2 Bf7 44. Kg1 e4 45. Nc2 Qd5 46. Nd4 Qa2 47.
Bxd6 cxd6 48. Nf1 Qxe2 49. Nxe2 Bc4 50. Nd4 f4 51. Nd2 Bd3 52. N2b3 Ke5 53. Nc1
Bc4 54. Nce2 Bg5 55. Kf1 Kd5 56. Ke1 Bd3 57. h4 Bxh4 58. Nxf4+ Kc4 59. g3 Bf6
60. Nxh5 Bg5 61. Ne6 Bc1 62. Kd1 Bb2 63. g4 Bxc3 64. g5 Kxb4 65. Nhf4 Bc4 66.
g6 Ka3 67. Kc2 Be5 68. g7 Bxg7 69. Nxg7 d5 70. Nge6 b4 71. Nd4 Ka2 72. Ng6 Bd3+
73. Kd2 b3 74. Nxb3 Kxb3 75. Ne5 Bb1 76. f3 d4 77. fxe4 Bxe4 78. Ng4 Kc4 79.
Nf2 Bf5 80. Nd1 Kb3 81. Nf2 1/2-1/2

[Event "Suedlohner SV- Godesberg"]
[Site "?"]
[Date "2017.10.15"]
[Round "2.8"]
[White "Schmeing, Walter"]
[Black "Ivanov, Alexander"]
[Result "0-1"]
[WhiteElo "2001"]
[BlackElo "1979"]
[PlyCount "150"]

1. e4 c5 2. Nf3 Nc6 3. d4 cxd4 4. Nxd4 e5 5. Nb5 d6 6. N1c3 a6 7. Na3 b5 8. Nd5
Nge7 9. Bg5 f6 10. Qh5+ g6 11. Nxf6+ Kf7 12. Qh4 h6 13. Nd5 hxg5 14. Qxh8 Qa5+
15. b4 Nxb4 16. Qf6+ Ke8 17. Kd1 Nbxd5 18. exd5 Qxa3 19. Bd3 Bg4+ 20. f3 Bf5
21. Bxf5 gxf5 22. Qxg5 Qc5 23. h4 Rc8 24. Rc1 Qxd5+ 25. Ke2 Qg8 26. Rhd1 Qxg5
27. hxg5 Rc6 28. Rh1 Kf7 29. Kd3 Kg6 30. Rh8 Bg7 31. Rd8 Kxg5 32. g3 e4+ 33.
fxe4 Rc3+ 34. Kd2 fxe4 35. Rxd6 Rxg3 36. Re6 Kf5 37. Rxa6 Bc3+ 38. Ke2 Rg2+ 39.
Kf1 Rg6 40. Rxg6 Nxg6 41. Rb1 b4 42. Ke2 Nf4+ 43. Ke3 Ng2+ 44. Kf2 Ne1 45. Rc1
Bd2 46. Rd1 Bc3 47. Rd8 Nxc2 48. Ke2 Nd4+ 49. Ke3 Ne6 50. Rd5+ Be5 51. Rb5 Nd4
52. Ra5 Nc2+ 53. Kd2 Na3 54. Rc5 Kf4 55. Rc1 Bc3+ 56. Ke2 e3 57. Rh1 Bd2 58.
Rh4+ Ke5 59. Kd3 Nb1 60. Rg4 Kd5 61. Rg5+ Ke6 62. Rh5 Nc3 63. Ra5 Nd5 64. Ra8
Nf4+ 65. Kc2 Kd5 66. Rd8+ Ke4 67. Rd7 Bc3 68. Re7+ Be5 69. Rb7 Nd5 70. Rh7 e2
71. Rh1 Bc3 72. a3 Ne3+ 73. Kb3 Nf1 74. Rh7 e1=Q 75. Re7+ Be5 0-1

[Event "Suedlohner SV- Godesberg"]
[Site "?"]
[Date "2017.10.15"]
[Round "2.1"]
[White "Seger, Ruediger"]
[Black "Kolakovic, Klaudio"]
[Result "1-0"]
[WhiteElo "2299"]
[BlackElo "1974"]
[PlyCount "77"]

1. e4 c5 2. b3 Nc6 3. Bb2 d6 4. Bb5 Bd7 5. f4 a6 6. Bxc6 Bxc6 7. d3 e6 8. Nf3
Qd7 9. Nbd2 f6 10. O-O O-O-O 11. d4 d5 12. e5 f5 13. dxc5 Bxc5+ 14. Bd4 Bxd4+
15. Nxd4 Ne7 16. N2f3 h6 17. a4 b6 18. c3 Bb7 19. a5 b5 20. b4 Kb8 21. Nb3 Rc8
22. Nfd4 Rc4 23. Nc5 Rxc5 24. bxc5 Nc6 25. Qh5 Nxd4 26. cxd4 Bc6 27. g4 Rf8 28.
Ra2 Qe7 29. Rg2 Be8 30. Qh3 Bg6 31. Rc1 Rf7 32. c6 Kc7 33. g5 h5 34. Rc5 Rf8
35. Qb3 Rh8 36. Rb2 Qd8 37. Qb4 Be8 38. Rc3 Bg6 39. Qc5 1-0

[Event "Suedlohner SV- Godesberg"]
[Site "?"]
[Date "2017.10.15"]
[Round "2.6"]
[White "Darwisch, Khaled"]
[Black "Schulte-Geers, Niklas"]
[Result "0-1"]
[WhiteElo "2078"]
[BlackElo "2054"]
[PlyCount "100"]

1. e4 c6 2. d3 d5 3. Nd2 dxe4 4. dxe4 Nf6 5. h3 e5 6. Ngf3 Bc5 7. g3 O-O 8. Bg2
Qe7 9. O-O Rd8 10. Qe2 b6 11. Nh4 Ba6 12. c4 b5 13. Nf5 Qe6 14. b3 bxc4 15.
bxc4 Nbd7 16. Re1 Nb6 17. Bf1 Bb4 18. Ne3 Bxd2 19. Bxd2 Nxe4 20. Ba5 Rd4 21.
Qf3 Nxc4 22. Nxc4 Bxc4 23. Bxc4 Qxc4 24. Rac1 Qd5 25. Bc3 Nxc3 26. Qxc3 Rc8 27.
Qa3 Rc7 28. Rc5 Rd1 29. Rxd5 Rxe1+ 30. Kg2 cxd5 31. Qa5 Rec1 32. Qxd5 h6 33.
Qxe5 R1c5 34. Qe8+ Kh7 35. h4 g6 36. Qf8 Rf5 37. g4 Rf4 38. Kg3 Rf6 39. Qb4 Rc2
40. f3 Rxa2 41. h5 Raa6 42. hxg6+ Kxg6 43. Qf8 Kh7 44. Qe7 Rac6 45. Kh4 Rf4 46.
Qxa7 Rxf3 47. Qd4 Re6 48. Qd7 Ree3 49. g5 Rh3+ 50. Kg4 h5+ 0-1

[Event "Suedlohner SV- Godesberg"]
[Site "?"]
[Date "2017.10.15"]
[Round "2.3"]
[White "Koehler, Christian"]
[Black "Voelker, Christian"]
[Result "1-0"]
[WhiteElo "2182"]
[BlackElo "2026"]
[PlyCount "72"]

1. c4 b6 2. d4 Bb7 3. Nf3 e6 4. e3 f5 5. Bd3 Nf6 6. Qc2 c5 7. Nbd2 cxd4 8. exd4
Be7 9. O-O O-O 10. a3 Na6 11. b4 Nc7 12. Bb2 Rc8 13. Qb3 Qe8 14. Rfe1 Qh5 15.
d5 Kh8 16. Nd4 Bd6 17. h3 Rce8 18. dxe6 dxe6 19. Be2 Qg6 20. Bf3 Bc8 21. Nc6
Nh5 22. Be5 Bxe5 23. Nxe5 Qg5 24. Rad1 Nf4 25. Bc6 Rd8 26. Nf1 Ne8 27. Rxd8
Qxd8 28. Qe3 Ng6 29. Nxg6+ hxg6 30. Nh2 Nd6 31. c5 Nf7 32. cxb6 axb6 33. Nf3
Qc7 34. Rc1 Rd8 35. Be8 Qe7 36. Bxf7 Qxf7 1-0

[Event "LSV Turm Lippstadt 1 - SG Ennepe-Ruhr-S"]
[Site "NRW-Klasse. Gruppe 2 2017/201"]
[Date "2017.10.15"]
[Round "2.1"]
[White "Lupor, Stefan"]
[Black "Wehmeier, Stefan"]
[Result "0-1"]
[WhiteElo "2256"]
[BlackElo "2345"]
[PlyCount "72"]
[EventDate "2017.??.??"]

1. e4 e5 2. Nf3 Nc6 3. Bc4 Nf6 4. d3 Be7 5. a4 d5 6. exd5 Nxd5 7. O-O O-O 8.
Re1 Bd6 9. h3 Be6 10. Nbd2 h6 11. Ne4 Be7 12. Bb5 Ndb4 13. Bd2 a6 14. Bxc6 Nxc6
15. Be3 f6 16. d4 exd4 17. Nxd4 Nxd4 18. Qxd4 Qxd4 19. Bxd4 Kf7 20. a5 Rfe8 21.
c3 Bd5 22. f3 Rad8 23. Nc5 Bd6 24. Kf2 h5 25. h4 Rg8 26. Rad1 g5 27. hxg5 Rxg5
28. Be3 Rf5 29. b4 Rg8 30. Rg1 h4 31. Rd4 Be5 32. Rxd5 Bg3+ 33. Ke2 Rxd5 34. f4
Re8 35. Kf3 f5 36. Rc1 b6 0-1

[Event "LSV Turm Lippstadt 1 - SG Ennepe-Ruhr-S"]
[Site "NRW-Klasse. Gruppe 2 2017/201"]
[Date "2017.10.15"]
[Round "2.2"]
[White "Wagner, Alexej"]
[Black "Lupor, André"]
[Result "1-0"]
[WhiteElo "2199"]
[BlackElo "2219"]
[PlyCount "43"]
[EventDate "2017.??.??"]

1. d4 Nf6 2. c4 g6 3. Nf3 Bg7 4. Nc3 d5 5. Bf4 O-O 6. Rc1 dxc4 7. e3 Be6 8. Ng5
Bd5 9. e4 h6 10. exd5 hxg5 11. Bxg5 Nxd5 12. Bxc4 Nb6 13. Bb3 Nc6 14. Ne2 Nxd4
15. Nxd4 Bxd4 16. O-O c6 17. Qc2 Qd6 18. Rfd1 e5 19. Be7 Qxe7 20. Qxg6+ Kh8 21.
Qh6+ Kg8 22. Rd3 1-0

[Event "LSV Turm Lippstadt 1 - SG Ennepe-Ruhr-S"]
[Site "NRW-Klasse. Gruppe 2 2017/201"]
[Date "2017.10.15"]
[Round "2.3"]
[White "Arndt, Stefan"]
[Black "Hecht, Carsten"]
[Result "1/2-1/2"]
[WhiteElo "2146"]
[BlackElo "2228"]
[PlyCount "66"]
[EventDate "2017.??.??"]

1. e4 c5 2. Nc3 Nc6 3. f4 e6 4. Nf3 g6 5. d4 cxd4 6. Nxd4 a6 7. Nxc6 bxc6 8.
Qd4 Nf6 9. e5 Nd5 10. Ne4 c5 11. Qf2 f5 12. exf6 Nxf6 13. Nxf6+ Qxf6 14. Qf3
Rb8 15. Bd2 Bg7 16. Bc3 Qe7 17. Be2 Bb7 18. Qg3 O-O 19. O-O Be4 20. Bxa6 Bxc2
21. Rac1 Be4 22. Be2 d5 23. Bxg7 Qxg7 24. b3 Qb2 25. Bg4 Rfe8 26. Qf2 Qxf2+ 27.
Rxf2 Rb5 28. Rd2 Ra5 29. Kf2 Kf7 30. Bf3 Bxf3 31. Kxf3 Rea8 32. Rdc2 Rxa2 33.
Rxa2 Rxa2 1/2-1/2